| 000 | 00963nam a2200265 i 4500 | ||
|---|---|---|---|
| 003 | OSt | ||
| 005 | 20210726190913.0 | ||
| 008 | 200212s2020 my ao g 000 0dmay | ||
| 020 |
_a9789671855904 _qpaperback _cRM 30.00 |
||
| 040 |
_aPPAK _beng _cPPAK _erda |
||
| 082 | 0 | 4 |
_a915.95116 _223 |
| 090 | 0 | 0 |
_a915.95116 _bTRA _dG |
| 245 | 0 | 0 |
_aTRAVELOG KUALA LUMPUR : _bMENJEJAK SEJARAH DI KUALA LUMPUR / _cPENYELARAS : NURUL SYAHIDA HASSAN. |
| 264 | 1 |
_aShah Alam, Selangor : _bJURUGAMBARDOTCOM MEDIA, _c2020 |
|
| 300 |
_a138 pages : _bcolour photographs ; _c21 cm |
||
| 336 |
_atext _2rdacontent |
||
| 336 |
_astill image _2rdacontent |
||
| 337 |
_aunmediated _2rdamedia |
||
| 338 |
_avolume _2rdacarrier |
||
| 650 | 0 | _aTravelers' writings, Malaysian. | |
| 650 | 0 |
_aTravel writing _vAnecdotes. |
|
| 651 | 0 |
_aKuala Lumpur (Wilayah Persekutuan, Malaysia) _xDescription and travel. |
|
| 651 | 0 |
_aKuala Lumpur (Wilayah Persekutuan, Malaysia) _xHistory. |
|
| 942 |
_2ddc _cB |
||
| 999 |
_c184277 _d184277 |
||